Missale romarvm ex decreto sacrosancti concilii tridenti restitvm, PII V. Pont. Max. IVSSV editum, et clementis VIII primvm, nvnc denvo vrbani papae octavi avctoritate recognitvm. (Record no. 8211)
[ view plain ]
| 000 -CABECERA | |
|---|---|
| campo de control de longitud fija | 01374nam a2200325 a 4500 |
| 001 - NÚMERO DE CONTROL | |
| campo de control | BRCA_8548 |
| 005 - FECHA Y HORA DE LA ÚLTIMA TRANSACCIÓN | |
| campo de control | 20190320210328.0 |
| 008 - DATOS DE LONGITUD FIJA--INFORMACIÓN GENERAL | |
| campo de control de longitud fija | 150816s1675----fr-a######---#000-0#lat-# |
| 041 ## - CÓDIGO DE LENGUA | |
| Código de lengua del texto/banda sonora o título independiente | lat |
| 044 ## - CÓDIGO DEL PAÍS DE LA ENTIDAD EDITORA/PRODUCTORA | |
| Código MARC del país | fr |
| 050 #4 - SIGNATURA TOPOGRÁFICA DE LA BIBLIOTECA DEL CONGRESO | |
| Número de clasificación | BX1970 |
| Número de documento/Ítem | .M57 |
| -- | 1675 |
| 245 10 - MENCIÓN DE TÍTULO | |
| Título | Missale romarvm ex decreto sacrosancti concilii tridenti restitvm, PII V. Pont. Max. IVSSV editum, et clementis VIII primvm, nvnc denvo vrbani papae octavi avctoritate recognitvm. |
| 260 ## - PUBLICACIÓN, DISTRIBUCIÓN, ETC. | |
| Lugar de publicación, distribución, etc. | Monachii |
| Nombre del editor, distribuidor, etc. | Joannis jaecklini |
| Fecha de publicación, distribución, etc. | 1675 |
| 300 ## - DESCRIPCIÓN FÍSICA | |
| Extensión | 624, cxxiiij p. |
| Otras características físicas | il. |
| Dimensiones | 32 cm |
| 500 ## - NOTA GENERAL | |
| Nota general | Fondo antiguo |
| 500 ## - NOTA GENERAL | |
| Nota general | Se encuentra en Caja Fuerte |
| 500 ## - NOTA GENERAL | |
| Nota general | P.III s/no. |
| 500 ## - NOTA GENERAL | |
| Nota general | Incluye índice |
| 500 ## - NOTA GENERAL | |
| Nota general | Contiene tablas y partituras |
| 500 ## - NOTA GENERAL | |
| Nota general | Con litentia y approbatio albertvs sigismundus |
| 500 ## - NOTA GENERAL | |
| Nota general | Texto impreso a dos columnas |
| 500 ## - NOTA GENERAL | |
| Nota general | Portada impresa a dos tintas negro y rojo |
| 500 ## - NOTA GENERAL | |
| Nota general | Estampa en la tapa: eustachi Egolph., L. Baro a westernach episc dioclensis suffreganeos sumus custus |
| 500 ## - NOTA GENERAL | |
| Nota general | Estado físico: grabados de las páginas 283 y 549 rotos, guarda y portada desprendidas |
| 500 ## - NOTA GENERAL | |
| Nota general | Nota de encuadernación: en piel, edición de de cantos dorados |
| 506 0# - NOTA DE RESTRICCIONES AL ACCESO | |
| Limitaciones de acceso | Fondo reservado: para su consulta es necesario credencial de usuario y carta de motivos |
| 650 14 - PUNTO DE ACCESO ADICIONAL DE MATERIA--TÉRMINO DE MATERIA | |
| Término de materia o nombre geográfico como elemento de entrada | Iglesia católica |
| Término indicativo de función/relación | Liturgia |
| Subdivisión de forma | textos |
| 9 (RLIN) | 21426 |
| 902 ## - CATALOGADOR | |
| Iniciales | LAR |
| 942 ## - ELEMENTOS DE PUNTO DE ACCESO ADICIONAL (KOHA) | |
| Fuente del sistema de clasificación o colocación | Library of Congress Classification |
| Tipo de ítem Koha | Libros |
| Estado de retiro | Estado de pérdida | Estado dañado | No para préstamo | Localización permanente | Ubicación/localización actual | Fecha de adquisición | Total de préstamos | Signatura topográfica completa | Código de barras | Fecha visto por última vez | Precio válido a partir de | Tipo de ítem Koha |
|---|---|---|---|---|---|---|---|---|---|---|---|---|
| El ejemplar forma parte de la colección y puede ser consultado según las políticas vigentes. | Biblioteca del Museo Franz Mayer (Rogerio Casas-Alatriste) | Biblioteca del Museo Franz Mayer (Rogerio Casas-Alatriste) | 15/08/2016 | BX1970 .M57 1675 | LAR00051 | 22/03/2019 | 22/03/2019 | Libros |